000
00340 a2200145 4500
999
_c
12220
_d
12220
003
OSt
005
20231223131232.0
008
231223b ||||| |||| 00| 0 eng d
020
_a
9789810737443
082
_a
711.73
_b
IRM
100
_a
Irmscher
245
_a
Parking Structures, Vol.1: Planning Principles
260
_b
RHED
942
_2
ddc